[Event "Tourn. n9748"]
[Site "www.chess-mail.com"]
[Date "2018.04.05"]
[Round "1"]
[White "Sefj"]
[Black "Falcoale"]
[WhiteElo "1809"]
[BlackElo "1860"]
[Result "0-1"]
[Round "1"]
1.d4 Ng8f6
2.c4 e6
3.Bc1d2 b6
4.Qd1c2 Bc8b7
5.f3 d5
6.e3 c5
7.Bf1d3 Nb8c6
8.cxd5 exd5
9.Qc2a4 c4
10.Bd3f5 Bf8e7
11.Ng1e2 O-O
12.Nb1c3 g6
13.Bf5h3 a6
14.a3 b5
15.Qa4d1 b4
16.axb4 Nc6xb4
17.O-O Nb4d3
18.Ra1a2 Ra8b8
19.Ne2c1 Nd3xc1
20.Qd1xc1 Bb7c6
21.Ra2xa6 Bc6d7
22.Bh3xd7 Qd8xd7
23.e4 Qd7b7
24.Ra6a2 Rb8a8
25.e5 Ra8xa2
26.Nc3xa2 Nf6d7
27.Bd2h6 Rf8c8
28.Rf1e1 Be7f8
29.Bh6g5 Rc8e8
30.Na2c3 Bf8g7
31.f4 Qb7b6
32.Qc1d2 Qb6b7
33.Re1a1 f6
34.exf6 Nd7xf6
35.Ra1a5 Nf6e4
36.Nc3xe4 Re8xe4
37.h3 h6
38.Bg5h4 Re4xd4
39.Qd2e2 Rd4e4
40.Qe2g4 Qb7b6
41.Kh2 Qb6xa5
 { time }
0-1

[Event "Tourn. n9712"]
[Site "www.chess-mail.com"]
[Date "2018.04.05"]
[Round "1"]
[White "Tobernor"]
[Black "Marbachess"]
[WhiteElo "2250"]
[BlackElo "2590"]
[Result "1/2-1/2"]
[Round "1"]
1.d4 f5
2.Bc1g5 g6
3.Nb1c3 d5
4.Ng1f3 Bf8g7
5.Qd1d2 Ng8f6
6.Bg5h6 O-O
7.h4 Nb8c6
8.Bh6xg7 Kxg7
9.O-O-O Qd8d6
10.e3 a6
11.Nc3e2 e5
12.dxe5 Nc6xe5
13.Nf3xe5 Qd6xe5
14.Ne2f4 b6
15.h5 Bc8b7
16.hxg6 hxg6
17.g3 Rf8h8
18.Bf1g2 Rh8xh1
19.Rd1xh1 a5
20.Bg2f3 { draw }
1/2-1/2

[Event "Tourn. n9758"]
[Site "www.chess-mail.com"]
[Date "2018.04.05"]
[Round "1"]
[White "Andychesston"]
[Black "Orhany24"]
[WhiteElo "2010"]
[BlackElo "2110"]
[Result "1-0"]
[Round "1"]
1.e4 c5
2.Ng1f3 Nb8c6
3.d4 cxd4
4.Nf3xd4 d6
5.Bf1b5 Bc8d7
6.Nb1c3 a6
7.Bb5c4 e6
8.Bc1e3 Ng8f6
9.Nd4b3 Bf8e7
10.f3 O-O
11.Qd1d2 b5
12.Bc4e2 Ra8c8
13.O-O-O Nc6a5
14.Kb1 Na5xb3
15.cxb3 Qd8a5
16.Rd1c1 Rc8c6
17.Rc1c2 Rf8c8
18.Rh1c1 h6
19.e5 dxe5
20.Nc3e4 Bd7e8
21.Qd2xa5 { resign }
1-0

[Event "Tourn. n9751"]
[Site "www.chess-mail.com"]
[Date "2018.04.05"]
[Round "1"]
[White "Sefj"]
[Black "Tartan"]
[WhiteElo "2319"]
[BlackElo "2520"]
[Result "0-1"]
[Round "1"]
1.Ng1f3 Ng8f6
2.c4 g6
3.e3 Bf8g7
4.Nb1c3 d6
5.d4 O-O
6.Bf1d3 Nb8d7
7.Qd1c2 e5
8.dxe5 Nd7xe5
9.Nf3xe5 dxe5
10.O-O c6
11.Bc1d2 Qd8e7
12.b3 e4
13.Bd3e2 Bc8f5
14.a3 Ra8d8
 { time }
0-1

[Event "Match"]
[Site "www.echecsemail.com"]
[Date "2018.04.05"]
[Round "1"]
[White "Micheles"]
[Black "Gidi5"]
[WhiteElo "2610"]
[BlackElo "2260"]
[Result "1-0"]
[Round "1"]
1.d4 Ng8f6
2.Ng1f3 b6
3.Bc1g5 Nf6e4
4.Bg5h4 h6
5.Nb1d2 Bc8b7
6.Nd2xe4 Bb7xe4
7.e3 d6
8.Bf1d3 Be4xd3
9.Qd1xd3 Nb8d7
10.O-O g6
11.e4 Bf8g7
12.e5 dxe5
13.Ra1d1 exd4
14.Nf3xd4 Nd7e5
15.Qd3e4 Qd8c8
16.f4 f5
17.Qe4e2 g5
18.fxg5 O-O
19.gxh6 { resign }
1-0

[Event "Match"]
[Site "www.echecsemail.com"]
[Date "2018.04.05"]
[Round "1"]
[White "Fabos12"]
[Black "Apdash"]
[WhiteElo "1990"]
[BlackElo "2230"]
[Result "0-1"]
[Round "1"]
1.d4 d5
2.Bc1f4 e6
3.e3 Bf8d6
4.Bf4xd6 Qd8xd6
5.Bf1d3 Ng8f6
6.Nb1d2 Nb8d7
7.c3 c5
8.Ng1e2 a6
9.O-O c4
10.Bd3c2 b5
11.a3 Bc8b7
12.b4 cxb3
13.Nd2xb3 Ra8c8
14.Nb3a5 Bb7a8
15.Qd1d2 Qd6c7
16.Na5b3 O-O
17.Rf1c1 Nf6e4
18.Bc2xe4 dxe4
19.a4 Ba8d5
20.Rc1b1 Bd5c4
21.axb5 Bc4xb5
22.Rb1c1 Qc7c4
23.Qd2c2 Qc4xe2
24.Qc2xe2 Bb5xe2
25.Nb3a5 Rc8c7
26.c4 Rf8b8
27.c5 f5
28.Ra1b1 Rb8xb1
29.Rc1xb1 Be2b5
30.f3 Nd7f6
31.Kf2 g5
32.h4 g4
33.f4 Kf7
34.g3 Nf6d5
35.Rb1b2 Nd5e7
36.Na5b3 Ne7c6
37.Nb3d2 Kf6
38.Nd2b1 Ke7
39.Nb1c3 Bb5d3
40.d5 exd5
41.Nc3xd5 Kd8
42.Nd5xc7 Kxc7
43.Ke1 a5
44.Kd2 Nc6b4
45.Kc3 Kc6
46.Kd4 Nb4c2
47.Ke5 Nc2xe3
48.Kd4 Ne3c2
49.Kc3 Nc2b4
50.Kd4 { time. }
0-1

[Event "Match"]
[Site "www.echecsemail.com"]
[Date "2018.04.05"]
[Round "1"]
[White "Luzhin"]
[Black "Numanoid"]
[WhiteElo "2410"]
[BlackElo "2370"]
[Result "1/2-1/2"]
[Round "1"]
1.d4 d5
2.c4 e6
3.Nb1c3 Ng8f6
4.Ng1f3 c6
5.e3 Nb8d7
6.Bf1d3 dxc4
7.Bd3xc4 b5
8.Bc4e2 Bc8b7
9.O-O Bf8e7
10.e4 b4
11.e5 bxc3
12.exf6 Be7xf6
13.bxc3 c5
14.dxc5 Nd7xc5
15.Bc1a3 Qd8c7
16.Ra1b1 Ra8d8
17.Qd1c1 Bb7xf3
18.Be2xf3 Bf6e7
19.Qc1e3 Rd8c8
20.Rf1d1 O-O
21.g3 Qc7a5
22.c4 Be7g5
23.Rb1b5 Qa5xb5
24.cxb5 Bg5xe3
25.fxe3 Rc8c7
26.Bf3c6 Nc5a6
27.Ba3xf8 Kxf8
{ draw }
1/2-1/2

[Event "Match"]
[Site "www.echecsemail.com"]
[Date "2018.04.05"]
[Round "1"]
[White "Paco"]
[Black "Virgil08bv"]
[WhiteElo "2050"]
[BlackElo "2029"]
[Result "0-1"]
[Round "1"]
1.e4 d6
2.d4 Ng8f6
3.Nb1c3 g6
4.Bc1f4 Bf8g7
5.e5 Nf6h5
6.Bf4e3 dxe5
7.Ng1f3 exd4
8.Nf3xd4 O-O
9.Bf1c4 Nh5f6
10.O-O Nf6g4
11.Be3g5 Qd8xd4
12.Qd1e2 Nb8c6
13.h3 h6
14.Ra1d1 Qd4e5
15.hxg4 Qe5xg5
16.f3 Bg7d4
17.Rf1f2 Rf8d8
18.Nc3e4 Bd4xf2
19.Kxf2 Qg5h4
20.Ne4g3 Rd8xd1
21.Qe2xd1 e6
22.Bc4b5 e5
23.Bb5c4 h5
24.Qd1d5 Bc8e6
25.Qd5e4 Be6xc4
26.Qe4xc4 Ra8d8
27.Qc4c3 hxg4
28.fxg4 Rd8d4
{ resign }
0-1

[Event "Match"]
[Site "www.echecsemail.com"]
[Date "2018.04.05"]
[Round "1"]
[White "Sefj"]
[Black "Karlgrocer"]
[WhiteElo "1809"]
[BlackElo "2030"]
[Result "0-1"]
[Round "1"]
1.e4 c5
2.c3 e6
3.Qd1b3 Bf8e7
4.d4 Ng8f6
5.Bf1d3 O-O
6.Qb3c2 g6
7.e5 Nf6e8
8.Bc1h6 Ne8g7
9.g3 d5
10.h4 c4
11.Bd3e2 b5
12.h5 Be7g5
13.Bh6xg5 Qd8xg5
14.f4 Qg5f5
15.Qc2d1 Nb8c6
16.Nb1d2 f6
17.hxg6 Qf5xg6
18.g4 b4
19.Qd1a4 bxc3
20.bxc3 Bc8d7
21.Be2d1 Ra8d8
22.Bd1c2 f5
23.Nd2f3 Qg6xg4
24.Nf3g5 Qg4g3
25.Kd1 Qg3xf4
26.Ng1f3 Nc6xd4
27.cxd4 Bd7xa4
28.Bc2xa4 Qf4e3
29.Ba4c2 Rd8b8
30.Rh1xh7 Qe3xf3
31.Ng5xf3 Kxh7
32.Kd2 Rb8b6
33.Nf3g5 Kg8
34.Kc3 Rf8b8
35.Ng5f3 Ng7h5
36.Ra1g1 Kf8
37.Nf3g5 Nh5f4
38.Ng5h7 Ke7
39.Rg1g7 Kd8
40.Rg7g8 Kc7
41.Rg8g7 Kc8
42.Nh7f6 Rb8b7
43.Rg7g8 Kc7
44.Nf6e8 Kc6
45.Bc2a4 Rb6b5
46.Ne8d6 a6
47.Nd6xb7 Kxb7
48.Ba4xb5 axb5
49.Kb4 Kc6
50.Rg8c8 Kd7
51.Rc8a8 Nf4d3
52.Kxb5 f4
53.Ra8a7 Ke8
 { time }
0-1

[Event "Match"]
[Site "www.echecsemail.com"]
[Date "2018.04.05"]
[Round "1"]
[White "Sefj"]
[Black "Bjonil60"]
[WhiteElo "1809"]
[BlackElo "1490"]
[Result "0-1"]
[Round "1"]
1.e4 Nb8c6
2.Bf1c4 e6
3.Ng1f3 Qd8e7
4.b3 h6
5.Bc1b2 g6
6.Bb2xh8 d6
7.Bh8b2 a6
8.d4 Nc6a7
9.Qd1d3 g5
10.g4 f6
11.Nb1d2 b5
12.h4 gxh4
13.Nf3xh4 Na7c6
14.Nh4g6 Qe7f7
15.Bc4xe6 Qf7xe6
16.f3 Nc6e7
17.Ng6h8 Bf8g7
18.d5 Qe6d7
19.c4 Ra8b8
20.e5 fxe5
21.Nh8g6 Ne7xg6
22.Qd3xg6 Kf8
23.O-O-O Ng8e7
24.Qg6e4 bxc4
 { time }
0-1

[Event "Match"]
[Site "www.echecsemail.com"]
[Date "2018.04.05"]
[Round "1"]
[White "Ranjachess"]
[Black "Rindrandria"]
[WhiteElo "1830"]
[BlackElo "1770"]
[Result "1-0"]
[Round "1"]
1.Nb1c3 g5
2.d4 e6
3.a3 c6
4.g3 d5
5.Ng1f3 f6
6.Bf1g2 g4
7.Nf3h4 f5
8.Bc1f4 Nb8d7
9.Qd1d2 Bf8e7
10.O-O-O Be7xh4
11.gxh4 Qd8xh4
12.Bf4g5 Qh4h5
13.h4 h6
14.Qd2e3 Qh5f7
15.Bg5f4 Ng8f6
16.Bf4xh6 Nf6h5
17.Bh6f4 b5
18.Bf4e5 Nd7f6
19.f3 Rh8g8
20.Be5xf6 Qf7xf6
21.fxg4 Nh5g7
22.g5 Qf6g6
23.Bg2f3 Rg8h8
24.Qe3e5 Bc8d7
25.Rd1g1 Rh8h7
26.e3 a5
27.Nc3e2 Qg6f7
28.g6 Qf7f8
29.gxh7 Kf7
30.Rg1xg7 Qf8xg7
31.Bf3h5 Kf8
32.h8Q Ke7
33.Qh8xg7 Kd8
34.Qe5d6 Kc8
35.Qg7xd7 
1-0

[Event "1/32 Finale"]
[Site "www.chess-mail.com"]
[Date "2018.04.05"]
[Round "1"]
[White "Sahlapalat"]
[Black "Bevittsmith"]
[WhiteElo "2090"]
[BlackElo "2230"]
[Result "1-0"]
[Round "1"]
1.d4 Ng8f6
2.c4 g6
3.Nb1c3 d5
4.cxd5 Nf6xd5
5.e4 Nd5xc3
6.bxc3 Bf8g7
7.Bf1c4 O-O
8.Ng1e2 c5
9.O-O Nb8c6
10.Bc1e3 cxd4
11.cxd4 Bc8g4
12.f3 Nc6a5
13.Bc4d3 Bg4e6
14.Ra1c1 Be6xa2
15.Qd1a4 Ba2e6
16.d5 Be6d7
17.Qa4b4 e6
18.Ne2c3 b6
19.Bd3a6 Qd8f6
20.f4 exd5
21.Nc3xd5 Qf6b2
22.Qb4d6 Bd7e6
23.Nd5e7 Kh8
24.f5 Bg7e5
25.Qd6d1 Ra8d8
26.Qd1f3 Be6b3
27.f6 Be5xf6
28.Qf3xf6 Qb2xf6
29.Rf1xf6 Kg7
30.Rf6f1 Rd8d7
31.Ne7c8 Rf8e8
32.Ba6b5 Rd7d8
33.Bb5xe8 Rd8xe8
34.Be3d4 { resign }
1-0

[Event "Tourn. n9771"]
[Site "www.chess-mail.com"]
[Date "2018.04.06"]
[Round "1"]
[White "Hundegana"]
[Black "Bojan"]
[WhiteElo "2010"]
[BlackElo "1940"]
[Result "1-0"]
[Round "1"]
1.c4 g6
2.d4 Bf8g7
3.e4 d6
4.d5 e6
5.Nb1c3 Bg7xc3
6.bxc3 e5
7.Bf1e2 f5
8.exf5 Bc8xf5
9.g4 Bf5d7
10.h3 h6
11.Qd1c2 Qd8f6
12.Ng1f3 Nb8a6
13.O-O Ng8e7
14.Ra1b1 Na6c5
15.Bc1e3 Bd7a4
16.Qc2c1 b6
17.Be3xc5 dxc5
18.Kg2 Kf7
19.Qc1e3 Kg7
20.Qe3xe5 Rh8f8
21.Qe5xc7 Ba4c2
22.Rb1c1 Bc2e4
23.Qc7g3 Rf8f7
24.Kh2 Be4xf3
25.Be2xf3 Ra8d8
26.Bf3g2 Kh7
27.f4 Qf6g7
28.Qg3h4 Rd8d6
29.Rf1f3 Kg8
30.Qh4g3 Kf8
31.f5 Rd6d7
32.Qg3b8 Ne7c8
33.Qb8xc8 Ke7
34.Rf3e3 Kf6
35.Re3e6 Kg5
36.Re6xg6 { resign }
1-0

[Event "Tourn. n9774"]
[Site "www.chess-mail.com"]
[Date "2018.04.06"]
[Round "1"]
[White "Virgil08bv"]
[Black "Jazzy"]
[WhiteElo "2429"]
[BlackElo "2300"]
[Result "1-0"]
[Round "1"]
1.e4 d6
2.d4 Ng8f6
3.Nb1c3 Nb8d7
4.f4 e5
5.Ng1f3 Qd8e7
6.Bf1c4 h6
7.O-O c6
8.a4 g6
9.Kh1 Bf8g7
10.fxe5 dxe5
11.Nf3xe5 Nd7xe5
12.dxe5 Qe7xe5
13.Bc1f4 Qe5c5
14.Qd1d3 O-O
15.Bf4d6 Qc5b6
16.Bd6xf8 { resign }
1-0

[Event "Tourn. n9734"]
[Site "www.chess-mail.com"]
[Date "2018.04.06"]
[Round "1"]
[White "Ffdd65"]
[Black "Piekki"]
[WhiteElo "2200"]
[BlackElo "2190"]
[Result "1/2-1/2"]
[Round "1"]
1.e4 c6
2.d4 d5
3.e5 Bc8f5
4.Bf1d3 Bf5xd3
5.Qd1xd3 e6
6.Ng1f3 c5
7.c4 cxd4
8.cxd5 Qd8xd5
9.Qd3xd4 Nb8c6
10.Qd4xd5 exd5
11.Nb1c3 Bf8b4
12.O-O Ng8e7
13.Rf1d1 O-O-O
14.Nc3e2 Ne7g6
15.a3 Bb4a5
16.b4 Ba5c7
17.Ne2f4 Nc6xe5
18.Nf4xd5 Ne5xf3
19.gxf3 Bc7e5
20.Ra1b1 Kb8
21.Bc1b2 Be5xb2
22.Rb1xb2 Ng6h4
23.Rb2b3 Rh8e8
24.Rb3d3 Re8e5
25.f4 Re5e6
26.Kf1 Re6d6
27.Ke2 Rd6e6
28.Rd3e3 Re6d6
29.Re3d3 Nh4f5
30.Nd5e3 Nf5d4
31.Kf1 Nd4b5
32.Rd3xd6 Rd8xd6
33.Rd1xd6 { draw }
1/2-1/2

[Event "Tourn. n9755"]
[Site "www.chess-mail.com"]
[Date "2018.04.06"]
[Round "1"]
[White "Sefj"]
[Black "Numanoid"]
[WhiteElo "2140"]
[BlackElo "2380"]
[Result "0-1"]
[Round "1"]
1.e4 d6
2.c4 c5
3.Nb1c3 Nb8c6
4.f4 g6
5.h3 Bf8g7
6.Ng1f3 e6
7.Qd1c2 Ng8e7
8.g4 Nc6d4
9.Nf3xd4 cxd4
10.Nc3b5 Ne7c6
11.d3 a6
12.Nb5a3 h5
13.g5 e5
14.h4 Bc8g4
15.Bf1h3 Qd8d7
16.Bh3xg4 hxg4
17.Qc2g2 f5
 { time }
0-1

[Event "Tourn. n9760"]
[Site "www.chess-mail.com"]
[Date "2018.04.06"]
[Round "1"]
[White "Hundegana"]
[Black "Falcoale"]
[WhiteElo "1990"]
[BlackElo "1860"]
[Result "0-1"]
[Round "1"]
1.d4 Ng8f6
2.c4 e6
3.a3 b6
4.Nb1c3 Bc8b7
5.Bc1f4 d5
6.cxd5 Nf6xd5
7.Nc3xd5 Bb7xd5
8.Ra1c1 Bf8d6
9.Qd1d2 Nb8d7
10.Bf4xd6 cxd6
11.e3 O-O
12.Ng1h3 f5
13.Bf1e2 Bd5xg2
14.Nh3f4 Bg2xh1
15.Nf4xe6 Qd8h4
16.Ne6xf8 Ra8xf8
17.Rc1c7 Nd7f6
18.Rc7xa7 Nf6e4
19.Be2c4 Kh8
20.Qd2c2 Qh4xh2
21.b4 Bh1f3
22.Bc4f1 Qh2g1
23.Ra7b7 Bf3g2
24.Qc2e2 Rf8c8
25.Rb7xb6 Rc8c1
26.Qe2d1 Qg1xf1
{ resign }
0-1

[Event "Tourn. n9728"]
[Site "www.chess-mail.com"]
[Date "2018.04.06"]
[Round "1"]
[White "Orhany24"]
[Black "Abuelo"]
[WhiteElo "2120"]
[BlackElo "2120"]
[Result "1-0"]
[Round "1"]
1.e4 e5
2.Ng1f3 Qd8f6
3.Bf1c4 Bf8c5
4.O-O d6
5.h3 Qf6g6
6.Kh1 Ng8f6
7.d4 exd4
8.Nf3xd4 Nf6xe4
9.Bc1e3 O-O
10.Nb1d2 Bc5xd4
11.Be3xd4 Nb8c6
12.Bd4e3 Nc6e5
13.Bc4b3 Bc8d7
14.Nd2xe4 Qg6xe4
15.Kg1 Qe4g6
16.Kh1 Bd7c6
17.Bb3d5 Bc6b5
18.Rf1g1 c6
19.Bd5f3 Ne5xf3
20.Qd1xf3 Qg6xc2
21.Qf3g4 Qc2xb2
22.Be3d4 Qb2xd4
23.Qg4xd4 d5
24.Rg1e1 b6
25.Re1e3 Ra8d8
26.Re3g3 g6
27.h4 c5
28.Qd4f6 d4
29.h5 h6
30.hxg6 { resign }
1-0

[Event "Tourn. n9762"]
[Site "www.chess-mail.com"]
[Date "2018.04.06"]
[Round "1"]
[White "Reda"]
[Black "Orhany24"]
[WhiteElo "2159"]
[BlackElo "2080"]
[Result "1/2-1/2"]
[Round "1"]
1.d4 d5
2.Bc1f4 Bc8f5
3.Nb1c3 a6
4.e3 Ng8f6
5.Bf1d3 Bf5xd3
6.Qd1xd3 e6
7.Ng1f3 Bf8d6
8.Bf4xd6 cxd6
9.O-O Nb8c6
10.e4 dxe4
11.Nc3xe4 O-O
12.Ne4xf6 Qd8xf6
13.c3 Ra8c8
14.Rf1e1 Rf8e8
15.d5 exd5
16.Re1xe8 Rc8xe8
17.Qd3xd5 Qf6e6
18.Qd5xe6 fxe6
19.Ra1d1 d5
20.h3 h6
21.Nf3d4 Kf7
22.Rd1d3 Kf6
23.Nd4b3 b6
24.Rd3f3 Ke5
25.Kf1 Re8e7
26.Rf3e3 Kd6
27.Ke2 e5
28.g3 g5
29.Re3f3 Ke6
30.Rf3e3 Re7f7
31.Nb3d4 Nc6xd4
32.cxd4 e4
33.f3 Rf7xf3
34.Re3xf3 exf3
35.Kxf3 Kf5
36.g4 { draw }
1/2-1/2

[Event "Match"]
[Site "www.echecsemail.com"]
[Date "2018.04.06"]
[Round "1"]
[White "Ericleo1980"]
[Black "Sefj"]
[WhiteElo "2170"]
[BlackElo "1809"]
[Result "1-0"]
[Round "1"]
1.e4 g5
2.d4 e6
3.c4 c5
4.Bc1e3 Bf8g7
5.Nb1c3 cxd4
6.Be3xd4 Bg7xd4
7.Qd1xd4 f6
8.Bf1e2 Nb8c6
9.Be2h5 Ke7
10.Qd4d2 Nc6e5
11.c5 Ne5c4
12.Qd2d3 d5
13.exd5 Nc4xb2
14.d6 Kf8
15.Qd3b5 b6
16.Qb5xb2 Bc8b7
17.Ng1f3 Bb7xf3
18.Bh5xf3  { time }
1-0

[Event "Match"]
[Site "www.echecsemail.com"]
[Date "2018.04.06"]
[Round "1"]
[White "Muchomurka"]
[Black "Luzhin"]
[WhiteElo "2470"]
[BlackElo "2410"]
[Result "0-1"]
[Round "1"]
1.e4 c5
2.Ng1f3 d6
3.d4 cxd4
4.Nf3xd4 Ng8f6
5.Nb1c3 g6
6.Bc1e3 Bf8g7
7.f3 O-O
8.Qd1d2 d5
9.e5 Nf6e8
10.f4 f6
11.Nd4f3 fxe5
12.Nf3xe5 Ne8f6
13.Ra1d1 Nb8c6
14.Bf1e2 Bc8f5
15.O-O e6
16.Be3c5 Rf8e8
17.Ne5xc6 bxc6
18.Bc5d4 Ra8c8
19.Be2f3 h5
20.Bd4xa7 c5
21.Nc3b5 Re8e7
22.c4 Re7b7
23.a4 Qd8d7
24.cxd5 Rb7xa7
25.Nb5xa7 Qd7xa7
26.dxe6 Bf5xe6
27.a5 c4
28.Kh1 c3
29.bxc3 Qa7xa5
30.Rf1e1 Be6f5
31.Rd1c1 Qa5c5
32.c4 Nf6g4
33.Bf3xg4 hxg4
34.Qd2d5 Kh7
35.Re1d1 Qc5f2
36.Rd1f1 Qf2h4
37.g3 Qh4f6
38.Rf1e1 Rc8d8
39.Qd5g2 Bf5d7
40.Kg1 Qf6b6
41.Kf1 Bd7f5
42.c5 Qb6b4
43.Re1e2 Bf5d3
44.Kg1 Bd3xe2
45.Qg2xe2 Rd8d2
{ resign }
0-1

[Event "1/128 Finale"]
[Site "www.chess-mail.com"]
[Date "2018.04.06"]
[Round "1"]
[White "Saffron"]
[Black "Sefj"]
[WhiteElo "1499"]
[BlackElo "1809"]
[Result "1-0"]
[Round "1"]
1.d4 Ng8f6
2.Ng1f3 d5
3.Bc1f4 e6
4.e3 c6
5.Bf1d3 Bf8e7
6.O-O Nb8d7
7.h3 Nf6e4
8.c4 Ne4f6
9.Nb1c3 h6
10.b3 Nd7f8
11.Nf3e5 Nf6d7
12.Qd1g4 g5
13.Bf4h2 Nd7xe5
14.Bh2xe5 f6
15.Qg4h5 Kd7
16.Be5g3 a5
17.cxd5  { time }
1-0

[Event "Fast Game"]
[Site "www.echecsemail.com"]
[Date "2018.04.06"]
[Round "1"]
[White "Apdash"]
[Black "Pforjan"]
[WhiteElo "2010"]
[BlackElo "1939"]
[Result "0-1"]
[Round "1"]
1.e4 e5
2.Ng1f3 Ng8f6
3.Bf1c4 Nf6xe4
4.Qd1e2 d5
5.Bc4b3 Nb8c6
6.d3 Ne4f6
7.Nf3xe5 Nc6xe5
8.Qe2xe5 Bc8e6
9.Bc1g5 Bf8e7
10.Nb1c3 O-O
11.O-O-O Qd8d7
12.h3 a5
 { time }
0-1

[Event "Fast Game"]
[Site "www.echecsemail.com"]
[Date "2018.04.06"]
[Round "1"]
[White "Pforjan"]
[Black "Picifarkinca"]
[WhiteElo "1939"]
[BlackElo "1820"]
[Result "1-0"]
[Round "1"]
1.b3 d5
2.Bc1b2 Nb8c6
3.e3 Ng8f6
4.Bf1b5 Bc8d7
5.f4 e6
6.Ng1f3 a6
7.Bb5xc6 Bd7xc6
8.O-O Bf8e7
9.Nb1c3 O-O
10.Nc3e2 Bc6b5
11.d3 c5
12.a4 Bb5c6
13.Ne2g3 Nf6d7
14.Nf3e5 Qd8c7
15.Ng3h5 f6
16.Qd1g4 { resign }
1-0

[Event "Fast Game"]
[Site "www.echecsemail.com"]
[Date "2018.04.06"]
[Round "1"]
[White "Picifarkinca"]
[Black "Apdash"]
[WhiteElo "1820"]
[BlackElo "2010"]
[Result "1-0"]
[Round "1"]
1.d4 Ng8f6
2.c4 g6
3.Nb1c3 Bf8g7
4.e4 d6
5.f3 a6
6.Bc1e3 e6
7.g4 Nb8c6
8.Ng1e2 Nc6a7
9.a4  { time }
1-0

[Event "Tourn. n9740"]
[Site "www.chess-mail.com"]
[Date "2018.04.07"]
[Round "1"]
[White "Gearoidmac"]
[Black "Jazzy"]
[WhiteElo "2470"]
[BlackElo "2270"]
[Result "0-1"]
[Round "1"]
1.e4 b6
2.d4 Bc8b7
3.Nb1c3 e6
4.Ng1f3 Bf8b4
5.Bf1d3 Ng8f6
6.Qd1e2 d5
7.exd5 Nf6xd5
8.Bc1d2 O-O
9.Nc3xd5 Bb4xd2
10.Nf3xd2 exd5
11.O-O Nb8d7
 { time }
0-1

[Event "Tourn. n9711"]
[Site "www.chess-mail.com"]
[Date "2018.04.07"]
[Round "1"]
[White "Greghghs"]
[Black "Jose"]
[WhiteElo "2630"]
[BlackElo "2830"]
[Result "0-1"]
[Round "1"]
1.d4 Ng8f6
2.c4 g6
3.Nb1c3 Bf8g7
4.e4 d6
5.Bf1e2 O-O
6.Bc1g5 c5
7.d5 e6
8.Qd1d2 exd5
9.cxd5 Nb8d7
10.Ng1h3 Nd7e5
11.O-O Bc8xh3
12.gxh3 Ne5d7
13.h4 Qd8e7
14.Ra1e1 a6
15.a4 Qe7e5
16.Be2d1 Rf8b8
17.Bg5f4 Qe5e7
18.h5 Nf6xh5
19.Bd1xh5 gxh5
20.Kh1 Kh8
21.Rf1g1 Rb8g8
22.Rg1g5 h4
23.Re1g1 Bg7d4
24.Rg1g4 Nd7e5
25.Bf4xe5 Bd4xe5
26.Rg5xg8 Ra8xg8
27.Qd2e2 Qe7f6
28.Rg4xg8 Kxg8
29.Qe2g4 Kf8
30.Qg4c8 Kg7
31.Qc8g4 Kh6
32.Nc3d1 Qf6f4
33.Qg4xf4 Be5xf4
34.Kg2 f5
35.h3 fxe4
36.Nd1c3 Kg5
37.Nc3xe4 Kf5
{ resign }
0-1

[Event "Tourn. n9703"]
[Site "www.chess-mail.com"]
[Date "2018.04.07"]
[Round "1"]
[White "Apdash"]
[Black "Hundegana"]
[WhiteElo "2210"]
[BlackElo "2020"]
[Result "0-1"]
[Round "1"]
1.e4 c5
2.Ng1f3 e6
3.d4 cxd4
4.Nf3xd4 Nb8c6
5.Bf1c4 Nc6xd4
6.Qd1xd4 Qd8b6
7.Qd4xb6 axb6
8.O-O Bf8c5
9.c3 Ng8f6
10.b4 Bc5e7
11.f3 O-O
12.Bc1e3 d5
13.exd5 exd5
14.Bc4d3 Be7d8
15.Nb1d2 Rf8e8
16.Be3d4 Nf6h5
17.Bd3b5 Re8e7
18.a4 Bc8d7
19.Bb5xd7 Re7xd7
20.Rf1e1 Bd8g5
21.Nd2b3 Nh5f4
22.Bd4xb6 Nf4e6
23.a5 h6
24.Ra1d1 Ra8c8
25.Nb3c5 Ne6xc5
26.Bb6xc5 Kh7
27.Rd1d3 Rc8d8
28.Re1d1 Bg5f6
29.c4 d4
30.Kf2 g5
31.g3 Kg6
32.Ke2 h5
33.Kd2 Kf5
34.Rd1e1 g4
35.fxg4 Kxg4
36.h4 Bf6g7
37.Re1e4 Kf5
38.Re4f4 Kg6
39.Kc2 f5
40.Kb3 Bg7e5
41.Rf4f3 Kf6
42.b5 Rd8a8
43.Bc5b4 Rd7g7
44.Bb4c5 Ra8xa5
45.Bc5xd4 Be5xd4
46.Rd3xd4 Ke5
47.Rd4d5 Ke4
48.Rf3xf5 Rg7xg3
49.Kb4 Ra5a3
50.Kc5 Ra3c3
51.Rd5d4 Kxf5
52.Kb6 Rg3g7
53.Rd4d5 Ke6
54.Rd5xh5 Rc3xc4
55.Rh5h8 Kf6
56.Rh8b8 Rc4xh4
57.Rb8xb7 Rg7xb7
58.Kxb7 Ke7
59.b6 Kd7
60.Ka8 Rh4b4
61.b7 Kc7
62.b8Q Rb4xb8
63.Ka7 Rb8b6
64.Ka8 Rb6a6

0-1

[Event "Tourn. n9740"]
[Site "www.chess-mail.com"]
[Date "2018.04.07"]
[Round "1"]
[White "Jazzy"]
[Black "Tartan"]
[WhiteElo "2300"]
[BlackElo "2510"]
[Result "0-1"]
[Round "1"]
1.Ng1f3 Ng8f6
2.b3 g6
3.Bc1b2 Bf8g7
4.d4 O-O
5.e3 d6
6.Nb1d2 Nb8d7
7.Bf1e2 e5
8.dxe5 Nf6g4
9.Ra1b1 Ng4xe5
10.O-O Qd8e7
11.c4 Rf8d8
12.Qd1c2 a5
13.Rf1e1 Nd7c5
14.Nf3d4 f5
15.Nd2f3 Bc8d7
16.a3 Nc5e4
17.Nd4b5 c6
18.Nb5d4 Ne4c5
19.Rb1d1 Bd7e8
20.Rd1d2 Nc5e4
21.Rd2d1 Ne4xf2
22.Kxf2 Ne5g4
23.Kg1 Qe7xe3
24.Kh1 Ng4f2
25.Kg1 Nf2h3
26.Kh1 Qe3g1
{ resign }
0-1

[Event "Match"]
[Site "www.echecsemail.com"]
[Date "2018.04.07"]
[Round "1"]
[White "Bjonil60"]
[Black "Saffron"]
[WhiteElo "1520"]
[BlackElo "1499"]
[Result "0-1"]
[Round "1"]
1.d4 Ng8f6
2.e3 g6
3.Qd1e2 Bf8g7
4.Nb1c3 O-O
5.Ng1f3 d5
6.h3 Nb8d7
7.b3 c5
8.dxc5 Nf6e4
9.Nc3xe4 Bg7xa1
10.Ne4c3 Ba1xc3
11.Bc1d2 Bc3xd2
12.Nf3xd2 Nd7xc5
13.f3 e5
14.b4 Qd8h4
15.Kd1 Qh4xb4
16.Nd2b3 Nc5xb3
17.cxb3 Bc8e6
18.Kc2 Rf8c8
19.Kb2 a5
20.a3 Qb4c3
21.Ka2 a4
22.b4 d4
23.Kb1 Qc3c1

0-1

[Event "Match"]
[Site "www.echecsemail.com"]
[Date "2018.04.07"]
[Round "1"]
[White "Babedad"]
[Black "Gidi5"]
[WhiteElo "2070"]
[BlackElo "2280"]
[Result "1-0"]
[Round "1"]
1.Ng1f3 Ng8f6
2.g3 d6
3.Bf1g2 g6
4.O-O Bf8g7
5.d3 O-O
6.Nb1d2 Nb8c6
7.Rf1e1 e5
8.e4 Bc8g4
9.h3 Bg4d7
10.c3 Qd8c8
11.Kh2 Nc6d8
12.Nd2f1 Nd8e6
13.d4 exd4
14.cxd4 Rf8d8
15.Bc1g5 Ne6xg5
16.Nf3xg5 h6
17.Ng5f3 g5
18.g4 c5
19.d5 c4
20.Nf1g3 Bd7xg4
21.hxg4 Nf6xg4
22.Kg1 Bg7xb2
23.Ng3f5 Qc8c5
24.Re1f1 Bb2xa1
25.Qd1xa1 c3
26.Qa1c1 f6
27.Bg2h3 Ng4e5
28.Nf3xe5 dxe5
29.Qc1d1 Qc5f8
30.Qd1h5 Kh7
31.Nf5g3 Qf8g7
32.Bh3f5 Kh8
33.Qh5h3 g4
34.Bf5xg4 Rd8g8
35.Bg4f5 b5
36.Bf5e6 Rg8d8
37.Kh2 Kh7
38.Ng3h5 Qg7g5
39.Rf1g1 Qg5d2
40.Qh3f5 { resign }
1-0

[Event "Match"]
[Site "www.echecsemail.com"]
[Date "2018.04.07"]
[Round "1"]
[White "Mitja"]
[Black "Sefj"]
[WhiteElo "2000"]
[BlackElo "2190"]
[Result "1-0"]
[Round "1"]
1.d4 d6
2.e3 g6
3.c3 Bc8f5
4.Bf1d3 Bf5xd3
5.Qd1xd3 Bf8g7
6.b3 a6
7.Bc1b2 Nb8c6
8.Ng1f3 e6
9.Nb1a3 Ng8f6
10.Qd3c2 d5
11.O-O Nf6e4
12.Nf3d2 Ne4g5
13.h3 b5
14.b4 Qd8d6
15.Qc2d1 f5
16.f4 Ng5f7
17.Nd2b3 a5
18.bxa5 Nc6a7
19.Nb3c5 Ra8b8
20.Na3c2 O-O
21.a6 Nf7d8
22.Bb2a3 Qd6c6
23.Nc2b4 Qc6e8
24.Qd1f3 Rf8f7
25.Ba3b2 c6
26.a4 bxa4
27.Ra1xa4 Na7b5
28.Rf1a1 Rb8a8
29.Ra4a5 Rf7a7
30.Qf3e2 Bg7f8
31.Nb4d3 Nb5c7
32.Qe2c2 Nd8f7
33.c4 dxc4
34.Qc2xc4 Nf7d6
35.Qc4c3 Nc7d5
36.Qc3d2 Nd6c4
37.Qd2e2 Nc4xa5
38.Ra1xa5 Qe8d8
39.Ra5a3 Nd5b6
40.Nd3e5 Qd8d6
41.Ra3b3 Nb6c8
42.Qe2c4 Qd6d5
43.Qc4xd5 exd5
44.Ne5xc6 Ra7c7
45.Nc6e5 Bf8xc5
46.dxc5 Rc7xc5
47.Ne5d7 Rc5c4
48.Nd7f6 Kf7
49.Nf6xd5 Ra8xa6
50.Rb3b7 Kf8
51.Bb2g7 Kg8
52.Nd5f6 Ra6xf6
53.Bg7xf6 Nc8d6
54.Rb7g7 Kf8
55.Rg7d7 Nd6e4
56.Bf6d4 Ke8
57.Rd7xh7 Rc4c1
58.Kh2 Ne4f2
59.Rh7g7 Rc1h1
60.Kg3 Nf2e4
61.Kh4 Rh1h2
62.Rg7xg6 Kf7
63.Rg6g7 Kf8
64.Kh5 Rh2h1
65.Kg6 Rh1b1
66.Kxf5 Ne4d6
67.Kg6 Rb1b5
68.g4 Nd6e8
69.Rg7f7 Kg8
70.Rf7h7  { time }
1-0

[Event "Match"]
[Site "www.echecsemail.com"]
[Date "2018.04.07"]
[Round "1"]
[White "Ztornad"]
[Black "Micheles"]
[WhiteElo "1670"]
[BlackElo "2560"]
[Result "0-1"]
[Round "1"]
1.e4 c6
2.Bf1c4 d5
3.exd5 cxd5
4.Bc4b5 Nb8c6
5.h3 e5
6.b3 Bf8c5
7.Bc1b2 Bc5xf2
8.Kxf2 Qd8b6
9.Ke1 Qb6xb5
10.d3 Ng8f6
11.Nb1c3 Qb5c5
12.Qd1f3 O-O
13.Ng1e2 Bc8d7
14.Qf3f2 d4
15.a3 Rf8c8
16.Nc3e4 Nf6xe4
17.dxe4 Qc5xc2
18.Ne2c1 Nc6a5
19.Qf2xc2 Rc8xc2
20.Ra1a2 Bd7e6
21.Nc1d3 Ra8c8
22.Rh1f1 Be6xb3
23.Ra2a1 Bb3c4
24.Nd3b4 Rc2xb2
25.Rf1f2 Rb2xf2
26.Kxf2 Na5b3
27.Ra1d1 Nb3c5
28.Kf3 Rc8d8
29.g4 a5
30.Nb4c2 Bc4d3
31.Nc2e1 Bd3xe4
32.Kg3 Be4c6
33.Ne1d3 Nc5xd3
34.Rd1xd3 e4
35.Rd3d1 e3
36.Rd1e1 d3
 { time }
0-1